MARC

LEADER 00000nab a2200000 4500
001 vtls011990373
003 SK-MaSNL
005 20260318114929.0
008 200902c2019 xo er|n || ||00 c0ukr
015 |a SNBRB2020/09 
038 |a SVKPOCL 
040 |a SVKPOCL  |b slo  |c SVKPOCL  |e rda 
041 0 |a ukr 
043 |a e-xo---  |a e-cs---  |a e-pl---  |a n-cn---  |a n-us-ny 
044 |a xo  |c SK 
072 7 |a 316.7  |x Sociológia kultúry. Kultúrny život  |2 konspekt 
072 7 |a 930.85  |x Dejiny civilizácie. Kultúrne dejiny  |2 konspekt 
080 |a 929 Pyž, Simeon  |2 2011 
080 |a 070.421  |2 2011 
080 |a 008-051  |2 2011 
080 |a 316.7-051  |2 2011 
080 |a 82-95-051  |2 2011 
080 |a (437)  |2 2011 
080 |a 070.489  |2 2011 
080 |a (438)  |2 2011 
080 |a (71)  |2 2011 
080 |a (73)  |2 2011 
080 |a 316.022.4(=161.25)(438)  |2 2011 
100 1 |a Medviď, Peter,  |d 1981-  |4 aut  |9 268505 
245 1 0 |a Gorlyc'kўj "bursak" Simeon Pўž  |c [autor] -pem- 
246 3 3 |a Gorlyc'kўj "bursak" Simeon Pŷž 
300 |b Fotografie 
336 |a text  |b txt  |2 rdacontent 
337 |a bez média  |b n  |2 rdamedia 
338 |a zväzok  |b nc  |2 rdacarrier 
500 |a V rubrike Dijaľnisť našoho Sojuzu 
500 |a Odkrytie akronymu je s autorovým súhlasom 
600 1 7 |a Pyž, Simeon,  |d 1894-1957  |2 svkpocl  |9 1618560 
610 2 7 |a Lemkovskij relifovyj komitet  |2 svkpocl  |9 1618561 
610 2 7 |a Karpatorusskij amerikanskij centr (Yonkers, N.Y.)  |2 svkpocl  |9 1618562 
610 2 7 |a Lemkovskij komitet (Praha, Česko)  |2 svkpocl  |9 1618563 
610 2 7 |a Lemko-Sojuz v SŠA (Kanada)  |2 svkpocl  |9 1618416 
610 2 7 |a Lemkovskij spasiteľnyj komitet (Prešov, Slovensko)  |2 svkpocl  |9 1618564 
630 0 7 |a Obščestva russkich bratstv  |g (noviny)  |2 svkpocl  |9 1618565 
630 0 7 |a Lemko  |g (noviny)  |2 svkpocl  |9 1618566 
630 0 7 |a Karpatska Rus'  |g (noviny)  |2 svkpocl  |9 1618419 
630 0 7 |a Karpatorusskij kalendar Lemko-Sojuza  |g (ročenka)  |2 svkpocl  |9 1618567 
648 7 |a 14.2.1894-10.6.1957  |2 svkpocl  |9 1618568 
648 7 |a 1921  |2 svkpocl  |9 298079 
648 7 |a 1922-1932  |2 svkpocl  |9 399620 
650 0 7 |a osobnosti  |2 SNKPH  |9 29820 
650 0 7 |a politickí aktivisti  |2 SNKPH  |9 4746 
650 0 7 |a ukrajinistika  |2 SNKPH  |9 51200 
650 0 7 |a rodáci  |2 SNKPH  |9 30842 
650 0 7 |a občianski aktivisti  |2 svkpocl  |9 1087262 
650 0 7 |a redaktori  |2 SNKPH  |9 30176 
650 0 7 |a publicisti  |2 SNKPH  |9 63929 
650 0 7 |a novinári  |2 SNKPH  |9 24785 
650 0 7 |a Lemkovia  |2 SNKPH  |9 27189 
650 0 7 |a kultúrno-osvetoví pracovníci  |2 SNKPH  |9 85340 
651 7 |a Slovensko  |2 SNKPHgeo  |9 14231 
651 7 |a Československo  |2 SNKPH  |9 21376 
651 7 |a Poľsko  |2 SNKPH  |9 16755 
651 7 |a Kanada  |2 SNKPHgeo  |9 17505 
651 7 |a Gorlice (Poľsko)  |2 svkpocl  |9 34647 
651 7 |a Yonkers (N.Y.)  |2 svkpocl  |9 73091 
651 7 |a Praha (Česko)  |2 SNKPH  |9 19313 
651 7 |a Vapenne (Poľsko)  |2 svkpocl  |9 1618569 
651 7 |a Prešov (Slovensko)  |2 SNKPHgeo  |9 17347 
651 7 |a New York (N.Y.)  |2 SNKPHgeo  |9 19319 
773 0 |t NN info Rusyn  |g Roč. XVI (28), č. 10 (2019), s. 11  |x 2454-0013 
852 |a SVKPO  |b KIS3GCP 
958 |a SS 
958 |a BC 
958 |a PL 
958 |a RN 
958 |a US 
958 |a CA 
999 |c 3335021  |d 3336951